000 00704nam a22002177a 4500
999 _c18800
_d18800
003 AR-CdUCM
008 190515b ||||| |||| 00| 0 spa d
040 _aMUNICIPALIDAD PROVINCIAL DEL CUSCO
_cBIBLIOTECA MUNICIPAL DEL CUSCO
082 _a330.973 /
_bM12
100 _aMcMillen, Wheeler
_939611
245 _aPor que es rico Estados Unidos /
260 _aBuenos Aires :
_bPlaza & Janes,
_c1966.
300 _a83 paginas ;
_c18 cm.
440 _aTitulos publicados
_n85
_939612
505 _aContenido: Todo acerca de la economia de los Estados Unidos
650 _aEconomia
_9382
650 _aRiqueza
_94060
650 _aEstados Unidos
_91805
942 _2ddc
_cLIBROS
945 _apjha
_d2019-05-15